[Event "Bayern-ch Seniors 19th"]
[Site "Schloss Schney"]
[Date "2007.06.17"]
[Round "7"]
[White "Froeling, Philippa"]
[Black "Klose, Hans Peter"]
[Result "1/2-1/2"]
[WhiteElo "1192"]
[BlackElo "1467"]
[PlyCount "51"]
[EventDate "2007.06.12"]
[EventType "swiss"]
[EventRounds "9"]
[EventCountry "GER"]
[SourceTitle "EXT 2008"]
[Source "ChessBase"]
[SourceDate "2007.11.25"]
[SourceVersion "1"]
[SourceVersionDate "2007.11.25"]
[SourceQuality "1"]

1. Nf3 Nf6 2. d4 g6 3. Nbd2 d5 4. c4 Bg7 5. cxd5 Qxd5 6. e3 0-0 7. Bc4 Qd8 8. Qb3 e6 9. Ne5 Nc6 10. Ndf3 Na5 11. Qc2 Nxc4 12. Qxc4 Nd7 13. Nxd7 Bxd7 14. a4 Bc6 15. Qe2 a6 16. a5 Bb5 17. Qd1 Qd5 18. b3 Rac8 19. Ba3 Rfe8 20. Bb2 Bf8 21. Ba3 Bxa3 22. Rxa3 Red8 23. Ra1 f6 24. Rc1 Kg7 25. Rc5 Qd6 26. Qc2 1/2-1/2

[Event "Bayern-ch Seniors 18th"]
[Site "Schloss Schney"]
[Date "2006.06.28"]
[Round "4"]
[White "Eckstein, Luise"]
[Black "Froeling, Philippa"]
[Result "0-1"]
[WhiteElo "1092"]
[BlackElo "1227"]
[PlyCount "55"]
[EventDate "2006.06.25"]
[EventType "swiss"]
[EventRounds "9"]
[EventCountry "GER"]
[SourceTitle "EXT 2007"]
[Source "ChessBase"]
[SourceDate "2006.11.23"]
[SourceVersion "1"]
[SourceVersionDate "2006.11.23"]
[SourceQuality "1"]

1. e4 e5 2. Nf3 d6 3. Bc4 Be7 4. Nc3 Nf6 5. d4 exd4 6. Nxd4 0-0 7. f3 c6 8. Be3 b5 9. Bb3 Bb7 10. Qd2 a6 11. 0-0 c5 12. Nf5 c4 13. Nxe7+ Qxe7 14. Nd5 Nxd5 15. exd5 cxb3 16. axb3 Nd7 17. Rfe1 Qf6 18. Rab1 Qg6 19. c4 bxc4 20. bxc4 Ne5 21. Qe2 a5 22. b3 Ba6 23. Rbc1 Nd3 24. Qc2 Nxe1 25. Qxg6 hxg6 26. Rxe1 Rfb8 27. Bd2 Rxb3 28. Bxa5 0-1

[Event "Bayern-ch Seniors 18th"]
[Site "Schloss Schney"]
[Date "2006.06.27"]
[Round "3"]
[White "Froeling, Philippa"]
[Black "Wilfert, Eva Maria"]
[Result "0-1"]
[WhiteElo "1227"]
[BlackElo "1543"]
[PlyCount "66"]
[EventDate "2006.06.25"]
[EventType "swiss"]
[EventRounds "9"]
[EventCountry "GER"]
[SourceTitle "EXT 2007"]
[Source "ChessBase"]
[SourceDate "2006.11.23"]
[SourceVersion "1"]
[SourceVersionDate "2006.11.23"]
[SourceQuality "1"]

1. Nf3 d5 2. d4 Nf6 3. Nbd2 Bf5 4. g3 Nc6 5. Bg2 Nb4 6. 0-0 Bxc2 7. Qe1 e6 8. a3 Nc6 9. b4 a6 10. Bb2 Be7 11. Rc1 Ba4 12. Nb1 0-0 13. Nc3 Bb5 14. Nxb5 axb5 15. Qc3 Ne4 16. Qd3 Nd6 17. Nd2 Nc4 18. Nxc4 bxc4 19. Qd2 Bf6 20. e4 b5 21. e5 Be7 22. Ra1 Re8 23. Bc3 Qb8 24. Ra2 Na7 25. f4 c6 26. f5 exf5 27. Rxf5 Rf8 28. Qf2 Qe8 29. Bh3 Nc8 30. Bb2 Nb6 31. Bc1 Na4 32. Qf3 Ra7 33. Rf2 Bd8 0-1

[Event "Bayern-ch Seniors 17th"]
[Site "Schloss Schney"]
[Date "2005.06.11"]
[Round "2"]
[White "Schmidt, Wolfgang4444"]
[Black "Froeling, Philippa"]
[Result "1-0"]
[WhiteElo "1606"]
[BlackElo "1273"]
[PlyCount "45"]
[EventDate "2005.06.10"]
[EventType "swiss"]
[EventRounds "9"]
[EventCountry "GER"]
[SourceTitle "EXT 2006"]
[Source "ChessBase"]
[SourceDate "2005.11.24"]
[SourceVersion "1"]
[SourceVersionDate "2005.11.24"]
[SourceQuality "1"]

1. e4 e5 2. Nf3 Nc6 3. a3 Nge7 4. Nc3 g6 5. Bc4 Bg7 6. d3 h6 7. Be3 Nd4 8. h3 c6 9. Bxd4 exd4 10. Ne2 c5 11. 0-0 d5 12. exd5 Nxd5 13. Ng3 0-0 14. Re1 b6 15. Qd2 Bb7 16. Re2 Re8 17. Rae1 Rxe2 18. Rxe2 Qc7 19. Qe1 Bc6 20. Ne5 b5 21. Nxc6 Qxc6 22. Bxd5 Qxd5 23. Re8+ 1-0

[Event "Bad Woerishofen Seniors op 21st"]
[Site "Bad Woerishofen"]
[Date "2005.03.09"]
[Round "7"]
[White "Lamberger, Werner1111"]
[Black "Froeling, Philippa"]
[Result "1/2-1/2"]
[WhiteElo "1169"]
[BlackElo "1269"]
[PlyCount "76"]
[EventDate "2005.03.03"]
[EventType "swiss"]
[EventRounds "9"]
[EventCountry "GER"]
[SourceTitle "EXT 2006"]
[Source "ChessBase"]
[SourceDate "2005.11.24"]
[SourceVersion "1"]
[SourceVersionDate "2005.11.24"]
[SourceQuality "1"]

1. d4 d5 2. c4 c6 3. cxd5 cxd5 4. Nc3 Nf6 5. g3 e6 6. a3 g6 7. Bg2 Bg7 8. Bg5 Nbd7 9. Rc1 a6 10. Nf3 b5 11. 0-0 0-0 12. Rc2 Bb7 13. Ne5 Qa5 14. Bd2 Qb6 15. Bg5 Nxe5 16. dxe5 Ng4 17. e3 Nxe5 18. Re1 f6 19. Qd4 Qxd4 20. exd4 Nc6 21. Be3 Ne7 22. Bh3 Nf5 23. Bxf5 exf5 24. f4 Rfe8 25. Na2 g5 26. Rce2 Re7 27. Bd2 Rxe2 28. Rxe2 h6 29. Re7 Bc6 30. Nb4 Bf8 31. Rc7 Bxb4 32. Bxb4 Be8 33. h3 a5 34. Bc5 Ra6 35. Re7 Bf7 36. b3 Re6 37. Kf2 Rxe7 38. Bxe7 Kg7 1/2-1/2

[Event "Bad Woerishofen Seniors op 21st"]
[Site "Bad Woerishofen"]
[Date "2005.03.05"]
[Round "3"]
[White "Froeling, Philippa"]
[Black "Mittelsteiner, Horst"]
[Result "0-1"]
[WhiteElo "1269"]
[BlackElo "1614"]
[PlyCount "64"]
[EventDate "2005.03.03"]
[EventType "swiss"]
[EventRounds "9"]
[EventCountry "GER"]
[SourceTitle "EXT 2006"]
[Source "ChessBase"]
[SourceDate "2005.11.24"]
[SourceVersion "1"]
[SourceVersionDate "2005.11.24"]
[SourceQuality "1"]

1. Nf3 d5 2. d4 Nf6 3. Nbd2 Bg4 4. g3 c6 5. Bg2 Qd7 6. Ne5 Qc8 7. Nxg4 Nxg4 8. 0-0 e6 9. e4 Nf6 10. e5 Nfd7 11. c4 Na6 12. c5 Be7 13. a3 0-0 14. b4 f6 15. Bh3 Nc7 16. Re1 fxe5 17. dxe5 a5 18. Bb2 Nb8 19. Nb3 axb4 20. axb4 Nba6 21. Qg4 Rf5 22. Nd4 Rg5 23. Qxe6+ Nxe6 24. Bxe6+ Qxe6 25. Nxe6 Rg6 26. Nf4 Rg5 27. Nd3 Re8 28. f4 Rg6 29. Rf1 Nxb4 30. f5 Rg4 31. f6 gxf6 32. exf6 Bxf6 0-1

[Event "Bad Woerishofen Seniors op 21st"]
[Site "Bad Woerishofen"]
[Date "2005.03.04"]
[Round "2"]
[White "Gehrmann, Rudolf Rainer"]
[Black "Froeling, Philippa"]
[Result "1-0"]
[WhiteElo "2017"]
[BlackElo "1269"]
[PlyCount "45"]
[EventDate "2005.03.03"]
[EventType "swiss"]
[EventRounds "9"]
[EventCountry "GER"]
[SourceTitle "EXT 2006"]
[Source "ChessBase"]
[SourceDate "2005.11.24"]
[SourceVersion "1"]
[SourceVersionDate "2005.11.24"]
[SourceQuality "1"]

1. c4 e5 2. Nc3 Nf6 3. g3 d5 4. cxd5 Nxd5 5. Bg2 Nxc3 6. bxc3 c6 7. Nf3 Qa5 8. 0-0 g6 9. a4 Bg7 10. Ba3 c5 11. d4 cxd4 12. cxd4 exd4 13. Nxd4 a6 14. Qd3 Qe5 15. Rfd1 Qxd4 16. Qxd4 Bxd4 17. Rxd4 Nc6 18. Re4+ Be6 19. Bh3 Nd8 20. Rc1 f5 21. Re3 Kf7 22. Rc7+ Kg8 23. Bb2 1-0

[Event "Bayern-ch Seniors 16th"]
[Site "Schloss Schney"]
[Date "2004.06.12"]
[Round "7"]
[White "Froeling, Philippa"]
[Black "Witzgall, Hermann"]
[Result "0-1"]
[WhiteElo "1264"]
[BlackElo "1346"]
[PlyCount "44"]
[EventDate "2004.06.06"]
[EventType "swiss"]
[EventRounds "9"]
[EventCountry "GER"]
[SourceTitle "EXT 2006"]
[Source "ChessBase"]
[SourceDate "2005.11.24"]
[SourceVersion "1"]
[SourceVersionDate "2005.11.24"]
[SourceQuality "1"]

1. Nf3 e6 2. d4 d5 3. Nbd2 Nf6 4. c4 c6 5. cxd5 cxd5 6. g3 Nc6 7. e3 Bb4 8. a3 Be7 9. Bg2 0-0 10. 0-0 Rb8 11. Re1 h6 12. b4 b5 13. Bb2 Bb7 14. Rc1 a5 15. bxa5 Nxa5 16. Ne5 Nc4 17. Nexc4 bxc4 18. Rc3 Ba6 19. e4 Rxb2 20. exd5 Nxd5 21. Bxd5 Qxd5 22. Nf3 Rfb8 0-1

[Event "Bayern-ch Seniors 15th"]
[Site "Schloss Schney"]
[Date "2003.06.20"]
[Round "8.33"]
[White "Froeling, Philippa"]
[Black "Ambros, Hans"]
[Result "1-0"]
[WhiteElo "1209"]
[BlackElo "1242"]
[PlyCount "67"]
[EventDate "2003.06.13"]
[EventType "swiss"]
[EventRounds "9"]
[EventCountry "GER"]
[SourceTitle "EXT 2004"]
[Source "ChessBase"]
[SourceDate "2003.11.25"]
[SourceVersion "1"]
[SourceVersionDate "2003.11.25"]
[SourceQuality "1"]

1. Nf3 b6 2. g3 Bb7 3. Bg2 d5 4. d4 h6 5. Nbd2 Nd7 6. c4 e6 7. 0-0 Ngf6 8. b3 Be7 9. Qc2 0-0 10. Re1 c6 11. Bb2 Qc7 12. e4 Rae8 13. Qd3 Z0 14. Rac1 dxe4 15. Nxe4 Rc8 16. d5 exd5 17. Nxf6+ Bxf6 18. Bxf6 Nxf6 19. cxd5 Nxd5 20. a3 a5 21. Ne5 Rcd8 22. Bxd5 Rxd5 23. Qxd5 Rd8 24. Qe4 Re8 25. Qd4 c5 26. Qd7 Qc8 27. Qxf7+ Kh7 28. Qg6+ Kg8 29. Nf7 Rxe1+ 30. Rxe1 Bc6 31. Nxh6+ Kh8 32. Re7 Qf8 33. Rc7 gxh6 34. Rh7# 1-0

[Event "Wch Seniors (Women) 12th"]
[Site "Naumburg"]
[Date "2002.11.02"]
[Round "11"]
[White "Luft, Helga"]
[Black "Froeling, Philippa"]
[Result "1-0"]
[WhiteElo "1761"]
[BlackElo "1306"]
[PlyCount "95"]
[EventDate "2002.10.21"]
[EventType "swiss"]
[EventRounds "11"]
[EventCountry "GER"]
[SourceTitle "EXT 2006"]
[Source "ChessBase"]
[SourceDate "2005.11.24"]
[SourceVersion "1"]
[SourceVersionDate "2005.11.24"]
[SourceQuality "1"]

1. d4 d5 2. Nf3 Nf6 3. Bf4 Nbd7 4. c3 g6 5. h3 Bg7 6. e3 0-0 7. Be2 c5 8. 0-0 c4 9. Nbd2 b5 10. Ne5 Bb7 11. Bh2 Nxe5 12. Bxe5 Nd7 13. Bxg7 Kxg7 14. Nf3 Re8 15. a4 a6 16. axb5 axb5 17. Qc2 e5 18. dxe5 Nxe5 19. Nxe5 Rxe5 20. Qd2 Qe8 21. Qd4 f6 22. Qb6 Qc6 23. Qxc6 Bxc6 24. Rxa8 Bxa8 25. Ra1 Bc6 26. Ra7+ Kh6 27. Rc7 Be8 28. h4 Re6 29. g4 g5 30. h5 Rd6 31. Bd1 Rd7 32. Rc8 Re7 33. Kg2 Kg7 34. Kg3 h6 35. Bc2 Bd7 36. Rc7 Kf8 37. Bg6 Be6 38. Rc6 Bd7 39. Rxf6+ Kg7 40. Rd6 Be6 41. Bf5 Kf6 42. Rb6 Ke5 43. f4+ Kf6 44. Kf3 Kf7 45. Bg6+ Kg7 46. Rxb5 Bd7 47. Rb6 Re6 48. Rb7 1-0

[Event "Wch Seniors (Women) 12th"]
[Site "Naumburg"]
[Date "2002.10.21"]
[Round "1"]
[White "Froeling, Philippa"]
[Black "Gudova, Tamara"]
[Result "0-1"]
[WhiteElo "1306"]
[BlackElo "2060"]
[PlyCount "58"]
[EventDate "2002.10.21"]
[EventType "swiss"]
[EventRounds "11"]
[EventCountry "GER"]
[SourceTitle "EXT 2006"]
[Source "ChessBase"]
[SourceDate "2005.11.24"]
[SourceVersion "1"]
[SourceVersionDate "2005.11.24"]
[SourceQuality "1"]

1. Nf3 d5 2. d4 Nf6 3. Nbd2 g6 4. c4 Bg7 5. cxd5 Nxd5 6. e4 Nb6 7. b3 Bxd4 8. Nxd4 Qxd4 9. Ba3 Nc6 10. Rb1 0-0 11. Bb2 Qd8 12. Nc4 Qxd1+ 13. Rxd1 Be6 14. Bd3 Rfd8 15. Be2 Rxd1+ 16. Kxd1 Nxc4 17. Bxc4 Bxc4 18. bxc4 Rd8+ 19. Kc1 f6 20. Rd1 Rxd1+ 21. Kxd1 Kf7 22. f4 e5 23. fxe5 Nxe5 24. Bxe5 fxe5 25. g4 g5 26. Kc2 Ke6 27. Kc3 Kd6 28. a4 Kc5 29. a5 a6 0-1

[Event "Bayern-ch Seniors 14th"]
[Site "Schloss Schney"]
[Date "2002.05.31"]
[Round "1"]
[White "Reichenbacher, Gerhard"]
[Black "Froeling, Philippa"]
[Result "1-0"]
[WhiteElo "1742"]
[BlackElo "1376"]
[PlyCount "43"]
[EventDate "2002.05.31"]
[EventType "swiss"]
[EventRounds "9"]
[EventCountry "GER"]
[SourceTitle "EXT 2003"]
[Source "ChessBase"]
[SourceDate "2002.11.25"]
[SourceVersion "1"]
[SourceVersionDate "2002.11.25"]
[SourceQuality "1"]

1. e4 e5 2. Bc4 Nf6 3. d3 d5 4. exd5 Nxd5 5. Nf3 Nc6 6. 0-0 Be7 7. Re1 f6 8. d4 Nb6 9. Bb5 exd4 10. Nxd4 Qd6 11. Nxc6 Qxd1 12. Rxd1 Bd7 13. Nxe7 Bxb5 14. Nc3 Bc4 15. Re1 Kf7 16. Nf5 Rhe8 17. Be3 Nd5 18. Nxd5 Bxd5 19. Rad1 Rad8 20. b3 Be4 21. Nd4 c5 22. Nb5 1-0

[Event "Wuerttemberg-ch Seniors 14th"]
[Site "Ellwangen"]
[Date "2002.??.??"]
[Round "1"]
[White "Neumann, Erwin"]
[Black "Froeling, Philippa"]
[Result "1-0"]
[WhiteElo "1848"]
[BlackElo "1361"]
[PlyCount "53"]
[EventDate "2002.03.30"]
[EventType "swiss"]
[EventRounds "9"]
[EventCountry "GER"]
[SourceTitle "EXT 2006"]
[Source "ChessBase"]
[SourceDate "2005.11.24"]
[SourceVersion "1"]
[SourceVersionDate "2005.11.24"]
[SourceQuality "1"]

1. e4 e5 2. d4 d6 3. Bc4 Nf6 4. dxe5 Ng4 5. e6 Ne5 6. exf7+ Nxf7 7. Nf3 Qf6 8. Nc3 c6 9. Bxf7+ Qxf7 10. Qd3 Nd7 11. Ng5 Qg6 12. f4 Nc5 13. Qg3 Qf6 14. Be3 Ne6 15. Nf3 Bd7 16. 0-0-0 a6 17. f5 Nc7 18. Bf4 Nb5 19. Rd3 Nxc3 20. Rxc3 d5 21. Bg5 Qf7 22. Qe5+ Be7 23. exd5 cxd5 24. Re1 Bxf5 25. Bxe7 Be6 26. Qxe6 Qxe6 27. Rxe6 1-0

[Event "Wuerttemberg-ch Seniors 13th"]
[Site "Ellwangen"]
[Date "2001.??.??"]
[Round "3"]
[White "Froeling, Philippa"]
[Black "Herzel, Alois"]
[Result "0-1"]
[WhiteElo "1361"]
[BlackElo "1820"]
[PlyCount "70"]
[EventDate "2001.04.??"]
[EventType "swiss"]
[EventRounds "9"]
[EventCountry "GER"]
[SourceTitle "EXT 2006"]
[Source "ChessBase"]
[SourceDate "2005.11.24"]
[SourceVersion "1"]
[SourceVersionDate "2005.11.24"]
[SourceQuality "1"]

1. Nf3 d5 2. d4 Nf6 3. Nbd2 e6 4. c4 c6 5. c5 Nbd7 6. b4 a5 7. bxa5 Qxa5 8. g3 b6 9. cxb6 Qxb6 10. Bg2 c5 11. dxc5 Bxc5 12. 0-0 0-0 13. Nb3 Be7 14. Be3 Qa6 15. Bd4 Bb7 16. Qd3 Qd6 17. Rfc1 Ne4 18. Qe3 Rfc8 19. Rxc8+ Rxc8 20. Rc1 Rxc1+ 21. Qxc1 e5 22. Bb2 f5 23. Na5 Ba6 24. e3 Nec5 25. Qc2 Qb6 26. Nb3 Nd3 27. Bc3 Bf6 28. Bf1 e4 29. Bxf6 Nxf6 30. Bxd3 Bxd3 31. Qc8+ Kf7 32. Ne5+ Ke7 33. Nc6+ Kd6 34. Nbd4 Qb1+ 35. Kg2 Qf1# 0-1